000 00298nam a2200121Ia 4500
005 20251222154434.0
008 251222s9999||||xx |||||||||||||| ||spa||
020 _a84-599-0349-4
082 _a190/S84
100 _a"Sturat Mill, John"
245 0 _aSobre la libertad. El utilitarismo
942 _cLIB
999 _c36535
_d36535